| 000 | 00363nam a2200109 4500 | ||
|---|---|---|---|
| 999 |
_c11055 _d11055 |
||
| 008 | 181009b ||||| |||| 00| 0 eng d | ||
| 245 | _aOn paricipating in global development. | ||
| 260 |
_aSan Miguel, Manila : _bOP-Bureau of Communications Services, _cc2013-c2014. |
||
| 300 |
_av22 n3, pages 26-29: _billustratins; _c23cm. |
||
| 650 | 0 |
_932036 _a1 |
|
| 942 |
_2ddc _cPER |
||